00710nam a2200217 a 450000100060000000300080000600500170001400800410003102000160007203500190008804000270010704100080013408200270014224500790016926000280024830000210027649000730029750400510037065000400042170000310046157376BD-RjUL20211209080513.0161208s1976 ne b 001 0 eng  a9004045104  a(BD-RjUL)57500 aDLCcDLCdBD-RjULbeng aeng00a301.0954223bREL 197600aReligion and social conflict in South Asia /cedited by Bardwell L. Smith. aLeiden :bBrill,c1976. a117 p. ;c25 cm.0 aInternational studies in sociology and social anthropology,v v. 22  aIncludes bibliographical references and index. 0aReligion and sociologyzSouth Asia.1 aSmith, Bardwell L.,d1925-